Trend Top 2005
Výročné ceny Trendu. Nefinančné podniky. Podniky v regiónoch. Odvetvia. Finančné podniky. Verejný sektor.
Guardado en:
| Formato: | Capítulo de libro |
|---|---|
| Lenguaje: | eslovaco |
| Materias: | |
| Etiquetas: |
Sin Etiquetas, Sea el primero en etiquetar este registro!
|
MARC
| LEADER | 00000naa$a2200000$$$4500 | ||
|---|---|---|---|
| 001 | 0035948 | ||
| 005 | 20231009082228.5 | ||
| 041 | 0 | |a slo | |
| 044 | |a SK | ||
| 245 | 1 | 0 | |a Trend Top 2005 |
| 520 | |a Výročné ceny Trendu. Nefinančné podniky. Podniky v regiónoch. Odvetvia. Finančné podniky. Verejný sektor. | ||
| 610 | 2 | 0 | |a ceny |
| 610 | 2 | 0 | |a firmy |
| 610 | 2 | 0 | |a regióny |
| 610 | 2 | 0 | |a odvetvia činnosti ekonomickej |
| 610 | 2 | 0 | |a ústavy finančné |
| 610 | 2 | 0 | |a sektor verejný |